000 00552nam a2200217Ia 4500
003 OSt
005 20220928145725.0
006 a|||||r|||| 00| 0
007 ta
008 220927b |||||||| |||| 00| 0 hin d
024 _a82690
037 _cTextual
040 _aSDCL
_cSDCL
_bhin
041 _2hin
_ahin
082 _aXxM18, 152L5.1
100 _aMarx Karl
245 0 _aPunji
_bPunjiwadi utpadan ka aalochnatamk vishleshan.
260 _c1975
942 _hXxM18, 152L5.1
_cTEXL
_2CC
999 _c835279
_d835279